Simisola (Registo nº 201936)

Detalhes MARC
000 -Etiqueta do registo
Valores 00518nam 22001813 4500
010 ## - Número ISBN
ISBN 972-42-2331-0
021 ## - Número do Depósito Legal
Número 154286/00
100 ## - Dados gerais de processamento
Dados gerais 20260423d u||y0pory50 ba
200 ## - Titulo e menção de responsabilidade
Título próprio Simisola
Primeira menção de responsabilidade Ruth Rendell
Outras menções de responsabilidade tradução de Maria Emília Ferros Moura
210 ## - Publicação
Local de publicação Lisboa
Nome do editor Círculo de Leitores
Data de publicação 2000
215 ## - Descrição física 
Paginação / Volumes 392 p.
Outras indicações físicas Encadernado
Dimensões 20 cm
606 ## - Nome comum usado como assunto
ID Autoridade 16
Palavra de ordem Literatura Americana
675 ## - CDU
Notação 821.134.3-3
Edição PT
Língua por
801 ## - Fonte de origem
País PT
Agência BMMN
Regras de catalogação RPC
830 ## - Notas gerais do catalogador
Criado por Fernando
Indexado por Fernando
990 ## - Elementos KOHA
Tipo de documento Livro
Exemplares
Situação do levantamento Biblioteca de origem Código de barras Cota Permissão de empréstimo Tipo de documento Forma de aquisição
  Biblioteca Municipal de Montemor-o-Novo 31335 821.111(73)-3 REN|LG   Livro Oferta

Powered by Koha